[Event "5th EFE Metz Festival IM 2019"]
[Site "Metz"]
[Date "2019.07.24"]
[Round "4"]
[White "Harutyunyan, Ruben"]
[Black "Vedder, Richard"]
[Result "1-0"]
[WhiteElo "2326"]
[BlackElo "2286"]
[Annotator "TA"]
[PlyCount "59"]
[EventDate "2019.??.??"]
[EventCountry "FRA"]
[SourceTitle "playchess.com"]
[Source "ChessBase"]
[SourceQuality "1"]

{[%evp 9,59,10,14,6,31,32,26,19,41,9,52,50,55,53,56,21,41,39,27,35,39,32,31,17,74,44,45,61,192,182,306,330,359,352,905,878,786,908,889,818,977,970,796,802,945,908,1322,1318,1414,1414,1493,1102]} 1. Nf3 d5 2. d4 Nf6 3. g3 Bf5 4. c4 c6 5. Nc3 e6 6. Nh4 {D11: Slav Defence: 3 Nf3 sidelines and 3...Nf6 4 e3 Bg4} Bg4 7. h3 Bh5 8. Qb3 {White has an edge.} Qb6 9. c5 Qc7 10. Bf4 Qc8 11. g4 Bg6 $1 12. O-O-O $146 ({Predecessor:} 12. Nxg6 hxg6 {1-0 (41) Fridman,D (2633)-Antipov,M (2589) St Petersburg 2018}) 12... Nbd7 13. Bg2 $36 {[%mdl 2048] White is more active.} b6 14. Nxg6 hxg6 15. cxb6 axb6 16. Kb1 b5 (16... Be7 $11) 17. Rc1 {[#] aiming for Nxb5!} Qa6 18. e4 $1 {[%cal Re4d5]} b4 ({Black should play} 18... Nb6 $14) 19. exd5 $18 cxd5 {[#]} (19... Nxd5 {is a better defense.} 20. Nxd5 cxd5) 20. Bf1 $1 {[%cal Rf1a6]} Qb7 21. Nb5 Nxg4 $2 (21... g5) 22. Nc7+ {White is clearly winning.} (22. hxg4 Rxh1 23. Nc7+ Kd8 $16) 22... Kd8 23. Nxa8 ({Weaker is} 23. hxg4 Rxh1 24. Nxa8 Qxa8 $16) 23... Qxa8 24. Qc2 Ngf6 25. Qc7+ Ke8 26. Bb5 Be7 27. Bc6 Qd8 28. Qb7 Kf8 29. Bxd7 Qxd7 30. Rc8+ {Accuracy: White = 72%, Black = 30%.} 1-0

[Event "5th EFE Metz Festival IM 2019"]
[Site "Metz"]
[Date "2019.07.24"]
[Round "4"]
[White "Zienkiewicz, Jan"]
[Black "Pavee, Louis"]
[Result "0-1"]
[WhiteElo "1804"]
[BlackElo "1830"]
[Annotator "NA RC"]
[PlyCount "104"]
[EventDate "2019.??.??"]
[EventCountry "FRA"]
[SourceTitle "playchess.com"]
[Source "ChessBase"]
[SourceQuality "1"]
[TimeControl "5400+30"]

1. e4 e6 2. d4 d5 3. Nc3 Bb4 4. Nge2 Nc6 5. e5 f6 6. exf6 Nxf6 7. g3 e5 8. a3 Ba5 9. dxe5 Nxe5 10. Bg2 c6 11. O-O O-O 12. Be3 Bg4 13. h3 Bf3 14. Bd4 Nfd7 15. Bxe5 Nxe5 16. Qd4 Qf6 17. Nf4 Bb6 18. Qd2 Rae8 19. Rae1 g5 20. Nd3 Nc4 21. Qc1 Rxe1 22. Qxe1 Bxg2 23. Kxg2 Qf3+ 24. Kh2 Ne3 25. Rg1 Nxc2 26. Qe6+ Qf7 27. Qxf7+ Rxf7 28. Kg2 Bxf2 29. Rc1 Ne3+ 30. Kh2 Nc4 31. Kg2 Bd4 32. Nd1 Kg7 33. a4 Re7 34. Rc2 a5 35. b3 Ne3+ 36. Nxe3 Rxe3 37. Nc1 h6 38. Rd2 Bc3 39. Rd1 Bb2 40. Nd3 Bd4 41. Nf2 c5 42. Nd3 b6 43. Rd2 Kg6 44. g4 h5 45. Rd1 h4 46. Rd2 Bc3 47. Rd1 Re2+ 48. Kf3 Rh2 49. Nc1 Rxh3+ 50. Kf2 Bd4+ 51. Ke2 Rg3 52. Nd3 Rxg4 0-1

[Event "5th EFE Metz Festival IM 2019"]
[Site "Metz"]
[Date "2019.07.25"]
[Round "5.1"]
[White "Maurizzi, Marc Andria"]
[Black "Kurayan, Ruslan"]
[Result "1-0"]
[WhiteElo "2412"]
[BlackElo "2376"]
[Annotator "NA"]
[PlyCount "89"]
[EventDate "2019.07.22"]
[EventType "tourn"]
[EventCountry "FRA"]
[SourceTitle "playchess.com"]
[Source "ChessBase"]
[SourceQuality "1"]
[TimeControl "5400+30"]

1. e4 {[%emt 0:00:00]} c5 {[%emt 0:06:25]} 2. Nc3 {[%emt 0:00:00]} Nc6 {[%emt 0:01:40]} 3. Nf3 {[%emt 0:00:00]} g6 {[%emt 0:00:34]} 4. Bb5 {[%emt 0:00:08]} Nd4 {[%emt 0:00:41]} 5. Ba4 {[%emt 0:10:31]} Bg7 {[%emt 0:02:53]} 6. O-O {[%emt 0:00:26]} Qa5 {[%emt 0:09:04]} 7. Rb1 {[%emt 0:04:21]} b5 {[%emt 0:07:10]} 8. Nxd4 {[%emt 0:00:25]} bxa4 {[%emt 0:01:00]} 9. Nde2 {[%emt 0:02:33]} Nf6 {[%emt 0:09:59]} 10. d3 {[%emt 0:07:15]} O-O {[%emt 0:07:09]} 11. b3 {[%emt 0:05:41]} axb3 {[%emt 0:05:13]} 12. axb3 {[%emt 0:00:19]} Bb7 {[%emt 0:00:23]} 13. Bb2 {[%emt 0:16:46]} e6 {[%emt 0:02:26]} 14. Na4 {[%emt 0:08:08]} Qc7 {[%emt 0:12:19]} 15. Qd2 {[%emt 0:08:17]} d6 {[%emt 0:08:21]} 16. Ng3 {[%emt 0:10:24]} Bc6 {[%emt 0:02:57]} 17. Qg5 {[%emt 0:03:18]} Qd8 {[%emt 0:08:49]} 18. e5 {[%emt 0:04:28]} h6 {[%emt 0:02:25]} 19. Qh4 {[%emt 0:03:19]} dxe5 {[%emt 0:01:43]} 20. Nxc5 {[%emt 0:01:05]} Qd5 {[%emt 0:01:38]} 21. Nce4 {[%emt 0:00:08]} Nh7 {[%emt 0:02:51]} 22. c4 {[%emt 0:02:02]} Qd7 {[%emt 0:03:12]} 23. b4 {[%emt 0:01:14]} f5 {[%emt 0:00:59]} 24. b5 {[%emt 0:01:22]} Bxe4 {[%emt 0:00:38]} 25. dxe4 {[%emt 0:00:01]} f4 {[%emt 0:01:10]} 26. Rfd1 {[%emt 0:00:12]} Qb7 {[%emt 0:00:35]} 27. Nf1 {[%emt 0:00:10]} Qxe4 {[%emt 0:00:15]} 28. Qg4 {[%emt 0:01:52]} Rae8 {[%emt 0:00:50]} 29. Nd2 {[%emt 0:01:00]} Qc2 {[%emt 0:00:15]} 30. Ba3 {[%emt 0:01:19]} Rf7 {[%emt 0:00:35]} 31. Rbc1 {[%emt 0:00:27]} Qa4 {[%emt 0:00:34]} 32. Bd6 {[%emt 0:00:18]} Ng5 {[%emt 0:00:43]} 33. h4 {[%emt 0:00:35]} h5 {[%emt 0:00:13]} 34. Qxg5 {[%emt 0:00:05]} Kh7 {[%emt 0:00:08]} 35. Ne4 {[%emt 0:04:38]} Rf5 {[%emt 0:00:12]} 36. Bxe5 {[%emt 0:00:10]} Rxg5 {[%emt 0:01:21]} 37. Nxg5+ {[%emt 0:00:01]} Kg8 {[%emt 0:00:04]} 38. Bxg7 {[%emt 0:00:37]} Kxg7 {[%emt 0:00:02]} 39. Ra1 {[%emt 0:00:19]} Qxc4 {[%emt 0:01:20]} 40. Rxa7+ {[%emt 0:00:25]} Kg8 {[%emt 0:00:39]} 41. Rdd7 {[%emt 0:01:39]} Qb4 {[%emt 0:00:19]} 42. Rg7+ {[%emt 0:00:33]} Kh8 {[%emt 0:00:01]} 43. Kh2 {[%emt 0:01:27]} f3 {[%emt 0:00:07]} 44. Rxg6 {[%emt 0:00:06]} Qb1 45. Rgg7 1-0

[Event "5th EFE Metz Festival IM 2019"]
[Site "Metz"]
[Date "2019.07.25"]
[Round "5.2"]
[White "Philippe, Guillaume"]
[Black "Delorme, Alban"]
[Result "0-1"]
[WhiteElo "2344"]
[BlackElo "2327"]
[Annotator "NA"]
[PlyCount "96"]
[EventDate "2019.07.22"]
[EventType "tourn"]
[EventCountry "FRA"]
[SourceTitle "playchess.com"]
[Source "ChessBase"]
[SourceQuality "1"]
[TimeControl "5400+30"]

1. Nf3 {[%emt 0:05:31]} c5 {[%emt 0:00:00]} 2. e3 {[%emt 0:00:09]} g6 {[%emt 0:04:41]} 3. c4 {[%emt 0:00:31]} Bg7 {[%emt 0:01:23]} 4. Nc3 {[%emt 0:00:43]} Nf6 {[%emt 0:04:51]} 5. Be2 {[%emt 0:01:35]} O-O {[%emt 0:00:38]} 6. O-O {[%emt 0:00:09]} d5 {[%emt 0:01:43]} 7. d4 {[%emt 0:00:36]} cxd4 {[%emt 0:02:07]} 8. exd4 {[%emt 0:00:05]} dxc4 {[%emt 0:00:45]} 9. Bxc4 {[%emt 0:00:20]} Bg4 {[%emt 0:06:30]} 10. h3 {[%emt 0:00:22]} Bxf3 {[%emt 0:06:57]} 11. Qxf3 {[%emt 0:00:05]} Nc6 {[%emt 0:03:26]} 12. Rd1 {[%emt 0:00:38]} Rc8 {[%emt 0:03:16]} 13. Be3 {[%emt 0:21:22]} Qa5 {[%emt 0:07:00]} 14. Bb3 {[%emt 0:02:44]} e6 {[%emt 0:06:04]} 15. Rac1 {[%emt 0:02:33]} Qb4 {[%emt 0:06:21]} 16. Ne2 {[%emt 0:05:43]} Nd5 {[%emt 0:03:55]} 17. Rc4 {[%emt 0:03:58]} Ne5 {[%emt 0:07:44]} 18. dxe5 {[%emt 0:09:02]} Rxc4 {[%emt 0:00:07]} 19. Bxc4 {[%emt 0:02:05]} Qxc4 {[%emt 0:00:08]} 20. Nc3 {[%emt 0:08:08]} Nxc3 {[%emt 0:02:58]} 21. bxc3 {[%emt 0:00:03]} b6 {[%emt 0:05:35]} 22. Rd7 {[%emt 0:02:36]} Qxa2 {[%emt 0:05:48]} 23. Bd4 {[%emt 0:00:18]} a5 {[%emt 0:02:22]} 24. Qc6 {[%emt 0:02:51]} Qe2 {[%emt 0:05:01]} 25. Qd6 {[%emt 0:10:50]} h5 {[%emt 0:02:28]} 26. Rb7 {[%emt 0:01:14]} b5 {[%emt 0:01:35]} 27. Qc5 {[%emt 0:01:28]} Qe1+ {[%emt 0:02:42]} 28. Kh2 {[%emt 0:00:21]} Bh6 {[%emt 0:03:16]} 29. h4 {[%emt 0:08:16]} Qe4 {[%emt 0:00:24]} 30. Rxb5 {[%emt 0:00:12]} Qxh4+ {[%emt 0:00:03]} 31. Kg1 {[%emt 0:00:24]} a4 {[%emt 0:00:01]} 32. Qb4 {[%emt 0:04:57]} Qg4 {[%emt 0:02:27]} 33. Qxa4 {[%emt 0:01:11]} h4 {[%emt 0:00:08]} 34. Rb1 {[%emt 0:01:57]} h3 {[%emt 0:00:13]} 35. Qc6 {[%emt 0:00:09]} Qf5 {[%emt 0:03:36]} 36. Re1 {[%emt 0:01:06]} Bd2 {[%emt 0:00:34]} 37. Rd1 {[%emt 0:00:29]} Bf4 {[%emt 0:00:41]} 38. Qf3 {[%emt 0:00:49]} hxg2 {[%emt 0:00:16]} 39. Re1 {[%emt 0:01:01]} Kg7 {[%emt 0:00:53]} 40. Qe4 {[%emt 0:01:01]} Qh5 {[%emt 0:00:50]} 41. Qxg2 {[%emt 0:01:28]} Rh8 {[%emt 0:00:19]} 42. Kf1 {[%emt 0:00:43]} Bd2 {[%emt 0:00:40]} 43. Re2 {[%emt 0:00:35]} Rb8 {[%emt 0:00:05]} 44. f3 {[%emt 0:00:21]} Rb1+ {[%emt 0:00:23]} 45. Kf2 {[%emt 0:00:05]} Bf4 {[%emt 0:00:34]} 46. Ra2 {[%emt 0:00:54]} Rh1 {[%emt 0:00:56]} 47. Be3 {[%emt 0:00:23]} Qh4+ {[%emt 0:00:12]} 48. Ke2 {[%emt 0:00:15]} Rh2 {[%emt 0:00:27]} 0-1

[Event "5th EFE Metz Festival IM 2019"]
[Site "Metz"]
[Date "2019.07.25"]
[Round "5.3"]
[White "Micottis, Dorian"]
[Black "Ravi, Teja S."]
[Result "1/2-1/2"]
[WhiteElo "2226"]
[BlackElo "2410"]
[Annotator "TA"]
[PlyCount "76"]
[EventDate "2019.07.22"]
[EventType "tourn"]
[EventCountry "FRA"]
[SourceTitle "playchess.com"]
[Source "ChessBase"]
[SourceQuality "1"]

{[%evp 13,76,22,32,31,32,0,0,1,14,16,11,19,22,14,24,10,20,0,19,19,39,44,43,19,19,19,20,14,24,23,27,22,44,16,34,17,31,0,0,0,0,0,0,0,0,0,0,0,0,0,0,0,0,-17,0,0,0,0,0,0,0,0,0,0,0]} 1. e4 c6 2. d4 d5 3. exd5 cxd5 4. Bd3 Nf6 5. c3 Nc6 6. Bf4 Bg4 7. Qb3 Qd7 8. h3 {B13: Caro-Kann: Exchange Variation and Panov-Botvinnik Attack} (8. Nd2 e6 9. Ngf3 Bd6 10. Bxd6 Qxd6 11. O-O O-O 12. Rae1 Bxf3 13. Nxf3 Rab8 14. Ne5 Qc7 15. f4 b5 16. a3 a5 17. Qc2 Rfc8 18. Qf2 b4 19. axb4 axb4 20. f5 bxc3 21. bxc3 {½-½ (30) Aravindh,C (2599)-Andreikin,D (2725) Astana 2019}) 8... Bh5 9. Ne2 (9. Nd2 {looks sharper.} e6 10. Ngf3 Bd6 11. Bxd6 Qxd6 12. O-O) 9... e6 10. O-O Bg6 11. Bxg6 hxg6 12. Nd2 Be7 $146 ({Predecessor:} 12... Na5 13. Qc2 Rc8 14. Nf3 Ne4 15. Ne5 Qb5 {1-0 (34) Martirosyan,H (1927)-Maharramli,C (1719) Batumi 2010}) 13. Rfe1 Rc8 14. Nf3 Ne4 15. Nc1 O-O 16. Nd3 Bd6 17. Bxd6 Qxd6 18. Nfe5 ({But not} 18. Qxb7 Rb8 $17) 18... Nxe5 19. Nxe5 Rc7 20. Qa4 Ra8 21. Rac1 Qb6 22. Re2 a5 23. Qd1 Nd6 24. a4 Nc4 25. Nxc4 (25. Nd3 {is interesting.} g5 26. Rb1 Rcc8 27. Ne5 Nd6 28. Re1) 25... Rxc4 {The position is equal.} 26. b3 Rc7 27. Rb2 Rac8 28. Qd3 Rc4 29. Qd2 R4c6 30. Qd3 Qc7 {[%cal Rc6c3]} 31. Rbc2 Qd6 32. h4 Rb6 33. Rb1 Qa3 34. Rcb2 Qd6 35. g3 Rbc6 36. Rc2 Qc7 {[%cal Rc6c3]} 37. Rbc1 Qb6 38. Rb2 Qc7 {Accuracy: White = 58%, Black = 59%.} 1/2-1/2

[Event "5th EFE Metz Festival IM 2019"]
[Site "Metz"]
[Date "2019.07.25"]
[Round "5.4"]
[White "Vedder, Richard"]
[Black "Villegas, Pierre"]
[Result "0-1"]
[WhiteElo "2286"]
[BlackElo "2349"]
[Annotator "NA"]
[PlyCount "100"]
[EventDate "2019.07.22"]
[EventType "tourn"]
[EventCountry "FRA"]
[SourceTitle "playchess.com"]
[Source "ChessBase"]
[SourceQuality "1"]
[TimeControl "5400+30"]

1. Nf3 {[%emt 0:00:00]} d5 {[%emt 0:00:00]} 2. g3 {[%emt 0:00:00]} Nf6 {[%emt 0:00:00]} 3. Bg2 {[%emt 0:00:00]} c5 {[%emt 0:00:00]} 4. O-O {[%emt 0:00:00]} Nc6 {[%emt 0:00:00]} 5. d4 {[%emt 0:00:02]} cxd4 {[%emt 0:00:00]} 6. Nxd4 {[%emt 0:00:08]} e5 {[%emt 0:00:02]} 7. Nxc6 {[%emt 0:00:16]} bxc6 {[%emt 0:00:03]} 8. c4 {[%emt 0:00:25]} Be6 {[%emt 0:00:15]} 9. Qa4 {[%emt 0:01:48]} Qd7 {[%emt 0:00:18]} 10. Nc3 {[%emt 0:02:03]} Rc8 {[%emt 0:00:06]} 11. cxd5 {[%emt 0:01:23]} cxd5 {[%emt 0:00:21]} 12. Qxd7+ {[%emt 0:00:33]} Kxd7 {[%emt 0:00:05]} 13. Rd1 {[%emt 0:01:05]} Bc5 {[%emt 0:00:14]} 14. Nxd5 {[%emt 0:25:52]} Nxd5 {[%emt 0:00:13]} 15. Bxd5 {[%emt 0:00:06]} Bxd5 {[%emt 0:00:04]} 16. Rxd5+ {[%emt 0:00:07]} Ke6 {[%emt 0:00:04]} 17. e4 {[%emt 0:00:24]} Rhd8 {[%emt 0:07:05]} 18. Bd2 {[%emt 0:01:07]} Rxd5 {[%emt 0:01:28]} 19. exd5+ {[%emt 0:00:05]} Kxd5 {[%emt 0:00:07]} 20. Bc3 {[%emt 0:00:04]} Bd4 {[%emt 0:01:37]} 21. Rd1 {[%emt 0:00:05]} g5 {[%emt 0:09:50]} 22. h3 {[%emt 0:01:36]} h5 {[%emt 0:08:49]} 23. Kf1 {[%emt 0:03:14]} g4 {[%emt 0:04:54]} 24. hxg4 {[%emt 0:00:08]} hxg4 {[%emt 0:00:04]} 25. Ke2 {[%emt 0:00:07]} Ke4 {[%emt 0:02:52]} 26. Rc1 {[%emt 0:10:17]} f5 {[%emt 0:12:22]} 27. Bd2 {[%emt 0:07:21]} Rxc1 {[%emt 0:07:17]} 28. Bxc1 {[%emt 0:00:08]} f4 {[%emt 0:00:03]} 29. gxf4 {[%emt 0:00:12]} exf4 {[%emt 0:00:05]} 30. b4 {[%emt 0:00:29]} g3 {[%emt 0:18:51]} 31. f3+ {[%emt 0:00:17]} Kd5 {[%emt 0:00:44]} 32. Kf1 {[%emt 0:13:34]} Be3 {[%emt 0:00:55]} 33. Bb2 {[%emt 0:00:24]} Kc4 {[%emt 0:00:08]} 34. a3 {[%emt 0:00:11]} Kb3 {[%emt 0:00:18]} 35. Be5 {[%emt 0:00:06]} Kxa3 {[%emt 0:00:19]} 36. Bd6 {[%emt 0:00:05]} Kb3 {[%emt 0:00:42]} 37. Kg2 {[%emt 0:00:26]} Kc4 {[%emt 0:00:27]} 38. Kh3 {[%emt 0:00:07]} a6 {[%emt 0:02:22]} 39. Kg2 {[%emt 0:00:05]} Bd2 {[%emt 0:01:29]} 40. Kh3 {[%emt 0:00:06]} Kb3 {[%emt 0:00:08]} 41. Kg2 {[%emt 0:00:08]} Bxb4 {[%emt 0:01:36]} 42. Bxf4 {[%emt 0:00:03]} a5 {[%emt 0:00:03]} 43. Be5 {[%emt 0:01:03]} a4 {[%emt 0:02:20]} 44. f4 {[%emt 0:00:07]} a3 {[%emt 0:00:02]} 45. f5 {[%emt 0:00:05]} a2 {[%emt 0:00:07]} 46. f6 {[%emt 0:00:04]} Bd6 {[%emt 0:00:19]} 47. Ba1 {[%emt 0:01:36]} Kc4 {[%emt 0:00:33]} 48. Kh3 {[%emt 0:01:56]} Kd5 {[%emt 0:00:07]} 49. Kg2 {[%emt 0:00:08]} Ke6 {[%emt 0:00:03]} 50. Kh3 {[%emt 0:00:06]} Bc7 {[%emt 0:00:11]} 0-1

[Event "5th EFE Metz Festival IM 2019"]
[Site "Metz"]
[Date "2019.07.25"]
[Round "5.5"]
[White "Mouhamad, Joachin"]
[Black "Harutyunyan, Ruben"]
[Result "1/2-1/2"]
[WhiteElo "2302"]
[BlackElo "2326"]
[Annotator "TA"]
[PlyCount "66"]
[EventDate "2019.07.22"]
[EventType "tourn"]
[EventCountry "FRA"]
[SourceTitle "playchess.com"]
[Source "ChessBase"]
[SourceQuality "1"]

{[%evp 10,66,23,12,17,0,14,-7,-3,-14,4,3,8,6,9,0,0,-7,0,0,6,-21,-20,-20,-10,-39,-32,-37,-33,-27,0,-9,-9,-23,-20,-40,-31,-46,-34,-77,0,0,0,0,0,-16,0,-10,-11,-22,0,-14,0,0,0,0,0,0,0]} 1. e4 e5 2. Nf3 Nc6 3. d4 exd4 4. Nxd4 Bb4+ 5. c3 Bc5 6. Be3 {[#] Strongly threatening Nxc6.} Bb6 {C45: Scotch Game} 7. Nxc6 (7. Bd3 {with more complications.} Nf6 8. Nd2 O-O 9. O-O d5 10. Nxc6 bxc6 11. Re1) (7. Nf5 Bxe3 8. Nxe3 d6 9. g3 Nge7 10. Bg2 O-O 11. O-O Kh8 12. Nd2 f5 13. f4 fxe4 14. Nxe4 Nf5 15. Re1 {1-0 (51) Matlakov,M (2700)-Postny,E (2615) St Petersburg 2018}) 7... bxc6 8. Bxb6 (8. Qf3 {keeps more tension.} Rb8 9. b4 Nf6 10. Bd3 a5 11. a3) 8... axb6 9. Bd3 Ne7 10. O-O O-O 11. Nd2 d6 12. Re1 $146 ({Predecessor:} 12. a4 d5 13. exd5 cxd5 14. Qc2 {0-1 (47) Kulhanek,T (2375)-Kravtsiv,M (2571) Pardubice 2011}) 12... Ng6 13. g3 Ne5 14. Be2 Ba6 15. f4 Nd3 16. Bxd3 $1 Bxd3 17. Re3 Ba6 18. Qh5 Qf6 19. Rae1 Rfe8 20. a3 c5 21. Qd5 Rab8 22. Qh5 Bb7 23. h4 Re7 24. Qg5 {[#]} Rbe8 ({Black should play} 24... Qe6 $1 $17 25. f5 f6 26. Qxg7+ Kxg7 27. fxe6 Rxe6) 25. Qxf6 $11 {The position is equal.} gxf6 26. Kf2 h5 27. R1e2 Kg7 28. Re1 Re6 29. R1e2 b5 30. Re1 c4 31. R1e2 R6e7 32. Re1 Re6 33. R1e2 R6e7 {Accuracy: White = 33%, Black = 58%.} 1/2-1/2

[Event "5th EFE Metz Festival IM 2019"]
[Site "Metz"]
[Date "2019.07.26"]
[Round "6.1"]
[White "Maurizzi, Marc Andria"]
[Black "Philippe, Guillaume"]
[Result "1-0"]
[WhiteElo "2412"]
[BlackElo "2344"]
[Annotator "TA"]
[PlyCount "55"]
[EventDate "2019.07.22"]
[EventType "tourn"]
[EventCountry "FRA"]
[SourceTitle "playchess.com"]
[Source "ChessBase"]
[SourceQuality "1"]

{[%evp 10,55,22,12,14,20,39,26,41,48,62,67,83,73,81,83,102,105,110,104,104,110,170,164,225,241,223,218,331,331,328,295,306,280,410,352,339,354,456,453,387,412,467,407,613,448,707,697]} 1. e4 c5 2. Nc3 a6 3. g3 b5 4. Bg2 Bb7 5. Nh3 e6 6. d3 Nc6 {B23: Closed Sicilian: Lines without g3} (6... b4 7. Ne2 d5 8. e5 Nc6 9. f4 Nh6 10. Nf2 Nf5 11. O-O Qb6 12. c3 Be7 13. g4 Nh4 14. Bh1 {0-1 (35) Yu,Y (2738)-Khismatullin,D (2639) Moscow 2017}) 7. O-O d6 8. f4 Nf6 {White has an edge.} 9. f5 e5 10. Nd5 h5 11. Bg5 $36 {[%mdl 2048] Black is under strong pressure.} Be7 12. Nxe7 $146 ({Predecessor:} 12. c3 Nxd5 13. exd5 {1-0 (44) Belov,I-Dmitriev,I Nalchik 1980}) 12... Qxe7 13. c3 O-O-O 14. Bf3 Qc7 15. Nf2 Ne7 {[#]} (15... Kb8 $16 {was necessary.}) 16. a4 $1 $18 Kb8 {[#]} (16... d5 $142) 17. axb5 $1 axb5 18. Qb3 Nxf5 (18... b4 {was worth a try.} 19. Qa2 (19. Qxf7 Nxf5 20. Qa2 Qb6 $18) (19. cxb4 Nc6 $16) 19... h4 20. Qa7+ (20. gxh4 Qb6 $16) 20... Kc8 21. Bxh4 Rxh4) 19. Qxb5 Ne7 20. Ra3 (20. Bxf6 gxf6 21. b4 c4 $18) 20... Qd7 21. Qb3 Nc6 (21... Kc7 $142 22. d4 (22. Qxf7 Nc6 $18) (22. Ra7 Rb8 $16) (22. Bxf6 gxf6 23. d4 h4 $18) 22... Qe6) 22. Rfa1 ({Don't play} 22. Bxf6 gxf6 23. Bg2 Rhe8 $18) 22... Kc7 23. Nd1 Qe6 24. Bxf6 gxf6 25. Qb5 Rb8 26. Ne3 {aiming for Nd5+.} Ne7 (26... Kd8 $142 27. Nd5 Qc8 28. Bxh5 Ba6 29. Qxa6 Rxh5 30. Qxc8+ (30. Nxf6 Qh3 $11) 30... Rxc8 31. Nxf6 Rh6) 27. b4 cxb4 (27... Qd7 $142 28. Qa5+ Kc8 29. bxc5 dxc5 30. Qxc5+ Qc7) 28. cxb4 {Accuracy: White = 86%, Black = 51%.} 1-0

[Event "5th EFE Metz Festival IM 2019"]
[Site "Metz"]
[Date "2019.07.26"]
[Round "6.2"]
[White "Ravi, Teja S."]
[Black "Vedder, Richard"]
[Result "1-0"]
[WhiteElo "2410"]
[BlackElo "2286"]
[Annotator "TA"]
[PlyCount "80"]
[EventDate "2019.07.22"]
[EventType "tourn"]
[EventCountry "FRA"]
[SourceTitle "playchess.com"]
[Source "ChessBase"]
[SourceQuality "1"]

{[%evp 13,80,6,18,-7,12,11,3,0,0,-7,-5,7,1,4,0,0,-2,-2,-12,-25,0,0,0,0,0,0,42,31,41,0,36,5,59,60,131,114,244,231,267,246,418,445,434,423,421,378,366,362,360,344,340,323,331,308,508,491,479,465,596,581,685,685,1092,840,4133,2836,5114,4132,1814]} 1. Nf3 d5 2. d4 Nf6 3. c4 dxc4 4. e3 e6 5. Bxc4 a6 6. O-O b5 7. Bb3 Bb7 8. a4 {D26: Queen's Gambit Accepted: 4 e3 e6 5 Bxc5 c5 sidelines} (8. Qe2 c5 9. Rd1 Nbd7 10. a4 Be7 11. dxc5 Bxc5 12. axb5 axb5 13. Rxa8 Qxa8 14. Na3 b4 15. Nc2 O-O 16. Bd2 Qa5 17. Ra1 Qb6 18. h3 Rc8 19. Be1 g6 20. Qd1 e5 21. Ra4 Bc6 22. Ra6 Qxa6 {0-1 (22) Iljin,A (2509)-Zubov,A (2597) St Petersburg 2018}) 8... b4 9. Nbd2 Be7 10. Re1 {The position is equal.} c5 11. e4 cxd4 12. e5 Nfd7 $1 13. Nxd4 $146 ({Predecessor:} 13. Ne4 Nc5 14. Nxc5 Bxc5 15. Bg5 Be7 16. Bxe7 Qxe7 17. Nxd4 {1-0 (30) Rutkowski,M (2336)-Nester,I (2390) Gdansk 2009}) 13... Nc5 14. Qg4 g6 {[#] And now ...h5 would win.} 15. Nc4 {Black must now prevent Bh6.} h5 16. Qd1 Nxb3 (16... Nc6 {keeps more tension.} 17. Nxc6 Bxc6 18. Bc2 Qxd1 19. Rxd1 O-O) 17. Nxb3 {aiming for Qxd8+.} Qxd1 18. Rxd1 Bd5 19. Nba5 $36 {[%mdl 2048] White has the initiative.} Nc6 20. Nxc6 Bxc6 21. Nd6+ Kf8 22. Be3 Bd5 (22... a5 $1 $11) 23. Rdc1 $14 Kg7 ({Black should play} 23... f6 $14) 24. Rc7 $16 Bxd6 (24... Bd8 $16 25. Rxf7+ Kg8) 25. exd6 $18 {Strongly threatening Bd4+.} Rhd8 26. Bd4+ Kg8 $2 {[#]} (26... Kf8 {was necessary.} 27. Rac1 Bb3) 27. d7 f5 28. Bf6 Kf7 29. Bxd8 Rxd8 {[%mdl 4096] Endgame KRR-KRB} 30. f4 Ke7 31. Kf2 Rxd7 32. Rxd7+ Kxd7 {KR-KB} 33. Rc1 Bc6 $2 (33... Kd6 {might work better.} 34. g3 Bb3) 34. a5 {White is clearly winning.} Bd5 35. Ke3 Bxg2 36. Rg1 Bd5 37. Rxg6 Kc6 38. Rh6 Kb5 39. Rxh5 Kxa5 40. Rg5 Be4 {Accuracy: White = 64%, Black = 32%.} 1-0

[Event "5th EFE Metz Festival IM 2019"]
[Site "Metz"]
[Date "2019.07.26"]
[Round "6.3"]
[White "Delorme, Alban"]
[Black "Micottis, Dorian"]
[Result "1-0"]
[WhiteElo "2327"]
[BlackElo "2226"]
[Annotator "TA"]
[PlyCount "65"]
[EventDate "2019.07.22"]
[EventType "tourn"]
[EventCountry "FRA"]
[SourceTitle "playchess.com"]
[Source "ChessBase"]
[SourceQuality "1"]

{[%evp 14,65,53,53,45,35,45,36,45,48,39,42,49,54,77,88,101,12,14,0,112,54,54,-2,67,16,22,22,26,46,22,27,66,46,122,109,118,108,568,568,547,552,660,393,866,825,1415,889,1304,1267,3591,2732,3158,2594]} 1. e4 c5 2. Nf3 e6 3. d4 cxd4 4. Nxd4 a6 5. Bd3 Bc5 6. Nb3 Be7 7. O-O d6 8. Qg4 g6 {B42: Sicilian: Kan Variation: 5 Bd3} 9. c4 (9. Qe2 Nd7 10. Na3 Ne5 11. f4 Nxd3 12. cxd3 Nf6 13. Be3 b5 14. Kh1 O-O 15. Rac1 e5 16. f5 gxf5 {1-0 (31) Navara,D (2740)-Gajewski,G (2601) Katowice 2017}) 9... Nf6 10. Qe2 O-O {White is slightly better.} 11. Nc3 Nc6 12. f4 Qc7 13. Be3 Re8 $146 ({Predecessor:} 13... Bd7 14. Rac1 Rfe8 15. Nd4 Bf8 16. Nxc6 Bxc6 {1-0 (44) Collins,S (2455)-Roe,S (2211) Basel 2017}) 14. Rac1 Qb8 15. f5 (15. a3 $16) 15... Ne5 $11 16. Bg5 {[#] fxg6 is the strong threat.} Kg7 (16... Nfg4 $1 $11 17. f6 h6) 17. Nd4 ({White should try} 17. Qd2 $16) 17... h6 $14 18. Bh4 (18. Bd2 $14) 18... Bd7 (18... exf5 $1 $11 19. exf5 g5) 19. Nf3 (19. Qd2 $14) 19... Nxd3 20. Qxd3 exf5 21. exf5 Bxf5 22. Qd2 Qd8 23. Nd4 $36 {[%mdl 2048] White is pushing.} Bd7 (23... Be6 $1 $14) 24. Rce1 {Black must now prevent Rxe7!} Ng8 25. Rxe7 Nxe7 $4 {[%mdl 8192]} (25... Rxe7 $16 26. Bxe7 Nxe7) 26. Bf6+ $18 Kh7 27. Nd5 Be6 28. Rf3 ({Worse is} 28. Bxe7 Rxe7 29. Nf6+ (29. Nxe7 Qxe7 30. b3 Re8 $15) (29. Nxe6 fxe6 30. Nxe7 Qxe7 $15) 29... Kg7 $11) 28... Qd7 $2 (28... Qc8) 29. Nb6 {White is clearly winning.} ({And not} 29. Nxe7 Rxe7 30. Bxe7 Qxe7 $15) 29... Qc7 30. Nxa8 Qc5 {[#]} 31. Nc7 $1 {[%mdl 512]} Rc8 (31... Qxc7 32. Nxe6) 32. Ncxe6 fxe6 33. b4 {Accuracy: White = 42%, Black = 27%.} 1-0